Science Quiz

Random Science or Numbers Quiz

Is It A Square or Cube? Quiz Stats

 Plays Quiz not verified by Sporcle

Challenge
Share
Tweet
Embed
Score 0/20 Timer 06:00
0 Plays Today
Question Answer Wrong Answers
100 Square
68.8%
Cube
1.6%
Both
4.7%
Neither
4.7%
125 Cube
56.3%
Square
17.2%
Both
6.3%
Neither
3.1%
512 Cube
56.3%
Square
17.2%
Both
9.4%
Neither
4.7%
361 Square
54.7%
Cube
10.9%
Both
6.3%
Neither
9.4%
64 Both
53.1%
Square
15.6%
Cube
12.5%
Neither
1.6%
441 Square
53.1%
Cube
15.6%
Both
1.6%
Neither
12.5%
1212 Neither
50%
Square
9.4%
Cube
17.2%
Both
6.3%
3390 Neither
50%
Square
14.1%
Cube
10.9%
Both
6.3%
343 Cube
48.4%
Square
7.8%
Both
3.1%
Neither
18.8%
672 Neither
45.3%
Square
14.1%
Cube
20.3%
Both
4.7%
1500 Neither
43.8%
Square
20.3%
Cube
9.4%
Both
10.9%
912 Neither
43.8%
Square
17.2%
Cube
7.8%
Both
9.4%
676 Square
40.6%
Cube
14.1%
Both
10.9%
Neither
14.1%
2197 Cube
39.1%
Square
9.4%
Both
3.1%
Neither
32.8%
4096 Both
39.1%
Square
23.4%
Cube
17.2%
Neither
7.8%
1331 Cube
35.9%
Square
9.4%
Both
7.8%
Neither
26.6%
1089 Square
34.4%
Cube
25%
Both
4.7%
Neither
18.8%
46656 Both
31.3%
Square
15.6%
Cube
15.6%
Neither
17.2%
1444 Square
31.3%
Cube
15.6%
Both
6.3%
Neither
26.6%
729 Both
28.1%
Square
15.6%
Cube
32.8%
Neither
6.3%

You're not logged in!

Compare scores with friends on all Sporcle quizzes.
Join for Free
OR
Log In

You Might Also Like...

Show Comments

Extras

Top Quizzes Today


Score Distribution

Your Account Isn't Verified!

In order to create a playlist on Sporcle, you need to verify the email address you used during registration. Go to your Sporcle Settings to finish the process.

Report this User

Report this user for behavior that violates our Community Guidelines.

Details: